Fundamentals of Yoga Education / (Record no. 210576)

MARC details
000 -LEADER
fixed length control field 00614nam a22001937a 4500
005 - DATE AND TIME OF LATEST TRANSACTION
control field 20250328130411.0
010 ## - LCCN (DPL NO)
LC control number ENG-144351
020 ## - INTERNATIONAL STANDARD BOOK NUMBER
International Standard Book Number 9788188503391
Terms of availability 695.00
035 ## - SYSTEM CONTROL NUMBER
System control number EN-127883
037 ## - SOURCE OF ACQUISITION
Source of stock number/acquisition DBAD
082 ## - DEWEY DECIMAL CLASSIFICATION NUMBER
Classification number 613.7046
100 ## - MAIN ENTRY--PERSONAL NAME
Personal name Sharnam, Acharya Sarvabhoot
245 ## - TITLE STATEMENT
Title Fundamentals of Yoga Education /
Remainder of title Acharya Sarvabhot Sharnam
260 ## - PUBLICATION, DISTRIBUTION, ETC. (IMPRINT)
Place of publication, distribution, etc Delhi
Name of publisher, distributor, etc Pratibha Book Distribution
Date of publication, distribution, etc 2018
270 ## - ADDRESS
Address 821/B, Guruamdas Nagar Extn., Gurudwara Road, Laxmi Nagar,
City Delhi
Postal code 110092
300 ## - PHYSICAL DESCRIPTION
Extent 205 p.
Dimensions 22 cm.(Pb)
700 ## - ADDED ENTRY--PERSONAL NAME
9 (RLIN) 76691
942 ## - ADDED ENTRY ELEMENTS (KOHA)
Source of classification or shelving scheme Dewey Decimal Classification
Item type English Books
Classification part 613.7046
Call number suffix SHA
Holdings
Withdrawn status Lost status Not for loan Collection code Home library Current library Date acquired Source of acquisition Cost, normal purchase price Full call number Barcode Copy number Cost, replacement price Koha item type
      Non-fiction Patel Nagar Patel Nagar 28/03/2025 DBAD 695.00 613.7046 SHA EN-127883 1 695.00 English Books

© Delhi Public Library
Hit Counter
free hit counter